Fr. Conceicao Rodrigues College of Engineering

Engine & Boiler Accessories (Record no. 20166)

MARC details
000 -LEADER
fixed length control field 00304nam a2200133Ia 4500
100 ## - MAIN ENTRY--PERSONAL NAME
Personal name Thirkell/C.H/ Ingham/E. ed.
245 ## - TITLE STATEMENT
Title Engine & Boiler Accessories
260 ## - PUBLICATION, DISTRIBUTION, ETC.
Name of publisher, distributor, etc. The Bennett College
Place of publication, distribution, etc. Sheffield
300 ## - PHYSICAL DESCRIPTION
Extent 262
546 ## - LANGUAGE NOTE
Language note ENGLISH
654 ## - SUBJECT ADDED ENTRY--FACETED TOPICAL TERMS
Focus term Engine & Boiler
942 ## - ADDED ENTRY ELEMENTS (KOHA)
Koha item type BOOK
Holdings
Withdrawn status Lost status Damaged status Not for loan Collection Home library Current library Shelving location Date acquired Total Checkouts Full call number Barcode Date last seen Price effective from Koha item type
        AFT Fr. Agnel's C.Rodrigues College of Engineering Fr. Agnel's C.Rodrigues College of Engineering   17/03/2023   AFT6052 17/03/2023 17/03/2023 BOOK